Normal view
MARC view
Entry Personal Name
001 - CONTROL NUMBER
- control field: 14076
003 - CONTROL NUMBER IDENTIFIER
- control field: OSt
005 - DATE AND TIME OF LATEST TRANSACTION
- control field: 20210412113107.0
008 - FIXED-LENGTH DATA ELEMENTS
- fixed length control field: 210412|| aca||aabn | a|a d
040 ## - CATALOGING SOURCE
- Original cataloging agency: OSt
- Transcribing agency: OSt
100 ## - HEADING--PERSONAL NAME
- Personal name: Tshimanga, Raphael M.
670 ## - SOURCE DATA FOUND
- Source citation: Work cat.: (OSt)0: Tshimanga, Raphael M., Traditional systems of water and water resources management along the Upper Congo River /, 2010.
